Statistics for Daily Country Riddle #129

Click here to take the quiz!

General Stats

  • This quiz has been taken 80 times
  • The average score is 13 of 15

Answer Stats

TypeAnswer% Correct
Found LetterA
100%
Found LetterN
100%
Found LetterI
98%
Correctly Placed LetterA
91%
Correctly Placed LetterI
91%
Found LetterA
89%
Found LetterL
89%
Correctly Placed LetterA
86%
Correctly Placed LetterN
86%
Found LetterB
83%
Correctly Placed LetterA
80%
Found LetterA
80%
Mystery CountryAlbania
78%
Correctly Placed LetterB
78%
Correctly Placed LetterL
78%

Score Distribution

Percentile by Number Answered

Percent of People with Each Score

Your Score History

You have not taken this quiz